<?xml version="1.0" encoding="UTF-8"?>
<marc:record xmlns:marc="http://www.loc.gov/MARC21/slim">
   <marc:leader>00000nam a2200000 a 4500</marc:leader>
   <marc:datafield ind1="1" ind2=" " tag="100">
      <marc:subfield code="a">Luhn, Usch</marc:subfield>
      <marc:subfield code="4">aut</marc:subfield>
      <marc:subfield code="e">Verfasser/-in</marc:subfield>
   </marc:datafield>
   <marc:datafield ind1=" " ind2=" " tag="653">
      <marc:subfield code="a">Antolin Klasse-3</marc:subfield>
   </marc:datafield>
   <marc:datafield ind1="0" ind2="0" tag="245">
      <marc:subfield code="a">Anni findet ein Pony</marc:subfield>
   </marc:datafield>
   <marc:datafield ind1="0" ind2="0" tag="245">
      <marc:subfield code="b">Ponyherz (Band 1)</marc:subfield>
   </marc:datafield>
   <marc:datafield ind1=" " ind2="1" tag="264">
      <marc:subfield code="b">Carlsen Verlag GmbH</marc:subfield>
      <marc:subfield code="c">2014</marc:subfield>
   </marc:datafield>
   <marc:datafield ind1="1" ind2=" " tag="490">
      <marc:subfield code="a">Ponyherz</marc:subfield>
   </marc:datafield>
   <marc:datafield ind1="1" ind2=" " tag="520">
      <marc:subfield code="a">PONYHERZ: Ein Mädchen. Ein Wildpferd. Eine unglaubliche Freundschaft. *** Band 1: Anni ist vor Kurzem aufs Land gezogen. Hier gibt es Pferdeflüsterer, Reiterhöfe – und leider auch jede Menge Stallzicken. Was kann man mit denen schon anfangen? Anni wünscht sich so sehr, echte Freunde zu finden. Und dann, eines Tages, begegnet ihr Ponyherz … *** PONYHERZ: Anni hat ein Geheimnis: Im Wald wartet Ponyherz auf sie - ein Wildpferd ... Zusammen können sie reiten wie der Wind ... *** Warmherziges Pferde-Abenteuer mit überzeugender Heldin, hinreißend illustriert!</marc:subfield>
   </marc:datafield>
   <marc:datafield ind1=" " ind2=" " tag="020">
      <marc:subfield code="a">9783551652515</marc:subfield>
      <marc:subfield code="9">9783551652515</marc:subfield>
   </marc:datafield>
</marc:record>
